000 00588nmm a2200193Ia 4500
008 251105s9999||||xx |||||||||||||||||und||
020 _a8492021845
041 _aspa
100 _aFeria Moreno, Antonio
245 0 _aEducación y publicidad
264 _a[Madrid, España] :
_bComunicar,
_c1998
300 _a117 páginas
490 _aEducación y medios de comunicación
650 _aMedia Studies (Journ., TV, etc)
700 _aFeria Moreno, Antonio
700 1 _a Morón Marchena, Juan Agustín
856 _uhttps://public.digitaliapublishing.com/a/27752
942 _cCF
999 _c65320
_d65320